Français de nos régions - Carte Quiz #1 - Statistiques

Statistiques générales
  • Ce quiz a été pris 2 385 fois
  • Le résultat moyen est 4 sur 5
Réponses sur la Carte
Les réponses sont colorées sur une échelle allant du rouge au vert en fonction du pourcentage des utilisateurs qui les ont devinées à leur premier essai. Vous pouvez retrouver ces pourcentages ci-dessous.
 
Statistiques - réponses
Réponse % Correct
Chocolatine
95%
Pain au chocolat
94%
Croissant au chocolat
69%
Petit pain (au chocolat)
61%
Couque au chocolat
56%
Aucun quiz correspondant
Distribution des résultats
% des personnes avec chaque résultat
Percentile par nombre de réponses
Votre historique - résultats
Vous n’avez pas pris ce quiz